Symmetric spaces /

Guardado en:
Autor Principal: Loos, Ottmar.
Formato: Libro
Idioma:English
Publicado: New York : W. A. Benjamin, 1969.
Series:Mathematics lecture note series
Etiquetas: Agregar Etiqueta
Sin Etiquetas, Sea el primero en etiquetar este registro!
LEADER 00877nam a22002295a 4500
001 MAT.inmabb002228
008 690408s1969####nyu######b####001#0#eng#d
005 20160804171347.0
245 0 0 |a Symmetric spaces /  |c Ottmar Loos. 
260 |a New York :  |b W. A. Benjamin,  |c 1969. 
300 |a 2 v. ;  |c 23 cm. 
440 0 |a Mathematics lecture note series 
500 |a "Notes [from] a course on Topics in Advanced Differential Geometry given at the University of Minnesota during ... 1967-68." 
504 |a Bibliografía: v. 1, p. 189-191; v. 2, p. 177-180. 
505 0 |a v. 1. General theory -- v. 2. Compact spaces and classification. 
510 4 |a MR,  |c 39 #365a 
100 1 |a Loos, Ottmar. 
084 |a 22.70 (53.00)  |2 MR 
084 |a 53C35  |2 msc2000 
010 |a  69018854  
859 |h 53  |i L863  |p A-3898  |v 1  |3 v. 1  |b BIB. MATEMATICA 
859 |h 53  |i L863  |p A-3899  |v 2  |3 v. 2  |b BIB. MATEMATICA